000 00929cam a22002538a 4500
005 20080916184717.0
008 080911s2008 ii 001 0 eng
010 _aENG-91948
020 _a9788184501360
_c1800.00
035 _aEN-75481
037 _bDBAD / PUB
040 _adpl
_bEnglish
082 _a613.042
100 _aGoel, S.L.
245 _aEducation of lifestyle and lifetime diseases /
_cby S.L. Goel
260 _aNew Delhi
_bDeep & Deep Publications
_c2009
270 _aF-159, Rajouri Garden,
_bNew Delhi
_e110027
300 _axiv, 345p.
_c24cm (Hb)
500 _aIncludes bibliographical references and index.
650 _aHealth.
650 _aPhysical fitness.
942 _2ddc
_cEN
_mGOE
_h613.042
999 _c19361
_d19361